000 00848 a2200241 4500
005 20260413130554.0
008 251201b |||||||| |||| 00| 0 eng d
020 _a9780141979144 (pbk)
037 _cTB
040 _aCRL
_cCRL
041 _2eng
_aeng
084 _aV4653.P1 Q7
_qCRL
100 _aBlack, Ian
_9820937
245 _aEnemies and neighbors:
_bArabs and Jews in Palestine and Israel,1917-2017
260 _bPenguin Books,
_c2017.
_aLondon, UK:
300 _axxii, 605p.
365 _b1699.00
_cINR
650 _aIsrale - History
_9853736
650 _aIsrael - Ethnic Relations - History
_9853738
650 _aJews - Israel - Social Conditions
_9853739
942 _cTB
_2CC
_n0
_hV4653.P1 Q7
999 _c1435293
_d1435293